000 01005nam a22002177a 4500
008 231025s2023 xxk|||||o||||o00| 0 eng d
245 _aRenters (Reform) Bill 2022-23:
_ba research briefing
_h[Electronic resource]
260 _aLondon,
_bHouse of Commons Library,
_c21 October 2023
490 _aResearch Briefing
520 _aA House of Commons Library research briefing sets out the key provisions of the Renters (Reform) Bill 2022-23, which seeks to abolish assured shorthold tenancies and with them, section 21 "no fault" evictions.
650 _aASSURED SHORTHOLD TENANCIES
650 _aEVICTION
650 _aHOUSING
650 _aLANDLORD AND TENANT
650 _aRENTERS (REFORM) BILL 2022-23
650 _aTENANTS' RIGHTS
690 _aLandlord and tenant
_96252
710 _91448
_aParliament. House of Commons. Library
856 _uhttps://researchbriefings.files.parliament.uk/documents/CBP-8756/CBP-8756.pdf
_zAvailable online at the House of Commons Library
942 _2ddc
999 _c121685
_d121685